000
00297nam a22001337a 4500
020
_a
978-93-83080-54-0
082
_a
894.812
_b
KRI/M
100
_a
S.KRISHNAKUMAR
245
_a
MALAYALAM RACHANAPADAVALI
260
_a
THRICHUR
_b
H & C BOOKS
_c
2013
300
_a
156
650
_z
KERALA
942
_c
BK
999
_c
1051
_d
1051